Statistics for Pairs #2

Click here to take the quiz!

General Stats

  • This quiz has been taken 154 times
  • The average score is 21 of 25

Answer Stats

HintAnswer% Correct
BaconEggs
98%
In sicknessIn health
98%
CookiesCream
96%
VenusMars
96%
HideSeek
96%
Dot the i’sCross the t’s
94%
SpaghettiMeatballs
94%
KetchupMustard
94%
AdditionSubtraction
94%
NeedleThread
93%
SuitTie
93%
TimeTime again
93%
TruckTrailer
93%
CupSaucer
91%
ResearchDevelopment
88%
FirstForemost
88%
The OwlThe Pussycat
86%
NullVoid
85%
FarWide
84%
RankFile
72%
PartParcel
63%
ChalkTalk
63%
FussBother
60%
HueCry
52%
FireForget
43%

Score Distribution

Percentile by Number Answered

Percent of People with Each Score

Your Score History

You have not taken this quiz